MARC details
| 000 -CABECERA |
| campo de control de longitud fija |
00927cam a2200253 a 4500 |
| 001 - NÚMERO DE CONTROL |
| campo de control |
000005283 |
| 005 - FECHA Y HORA DE LA ÚLTIMA TRANSACCIÓN |
| campo de control |
20200929151630.0 |
| 008 - DATOS DE LONGITUD FIJA--INFORMACIÓN GENERAL |
| campo de control de longitud fija |
910730s1990 sp b 001 1 spa |
| 020 ## - NÚMERO INTERNACIONAL ESTÁNDAR DEL LIBRO |
| Número Internacional Estándar del Libro |
8437609321 |
| 040 ## - FUENTE DE LA CATALOGACIÓN |
| Centro catalogador/agencia de origen |
DO-SdBNP |
| Centro/agencia transcriptor |
DLC |
| 082 ## - NÚMERO DE LA CLASIFICACIÓN DECIMAL DEWEY |
| Número de clasificación |
862.62 |
| Número de documento/Ítem |
N523b |
| 100 1# - ENTRADA PRINCIPAL--NOMBRE DE PERSONA |
| Nombre de persona |
Neville, Edgar, |
| Títulos y otros términos asociados al nombre |
conde de Berlanga de Duero, |
| Fechas asociadas al nombre |
1899-1967. |
| 9 (RLIN) |
7463 |
| 245 13 - MENCIÓN DE TÍTULO |
| Título |
El baile : |
| Resto del título |
la vida en un hilo / |
| Mención de responsabilidad, etc. |
Edgar Neville ; edición, Ma. Luisa Burguera. |
| 260 ## - PUBLICACIÓN, DISTRIBUCIÓN, ETC. |
| Lugar de publicación, distribución, etc. |
Madrid : |
| Nombre del editor, distribuidor, etc. |
Cátedra, |
| Fecha de publicación, distribución, etc. |
1990. |
| 300 ## - DESCRIPCIÓN FÍSICA |
| Extensión |
215, [7] p. ; |
| Dimensiones |
18 cm. |
| 440 #0 - MENCIÓN DE SERIE/PUNTO DE ACCESO ADICIONAL--TÍTULO |
| Título |
Letras hispánicas ; |
| Designación de volumen o secuencia |
322 |
| 9 (RLIN) |
4208 |
| 504 ## - NOTA DE BIBLIOGRAFÍA, ETC. |
| Nota de bibliografía, etc. |
Incluye referencias bibliográficas (p. 85-90). |
| 650 #4 - PUNTO DE ACCESO ADICIONAL DE MATERIA--TÉRMINO DE MATERIA |
| Término de materia o nombre geográfico como elemento de entrada |
Teatro español |
| 9 (RLIN) |
3071 |
| 650 #4 - PUNTO DE ACCESO ADICIONAL DE MATERIA--TÉRMINO DE MATERIA |
| Término de materia o nombre geográfico como elemento de entrada |
Literatura española |
| 9 (RLIN) |
632 |
| 600 14 - PUNTO DE ACCESO ADICIONAL DE MATERIA--NOMBRE DE PERSONA |
| Nombre de persona |
NEVILLE, EDGAR, |
| Títulos y otros términos asociados al nombre |
CONDE DE BERLANGA DE DUERO, |
| Fechas asociadas al nombre |
1899-1967 |
| Subdivisión general |
CRÍTICA E INTERPRETACIÓN |
| 9 (RLIN) |
15044 |
| 700 1# - PUNTO DE ACCESO ADICIONAL--NOMBRE DE PERSONA |
| Nombre de persona |
Burguera, Ma. Luisa, |
| Término indicativo de función/relación |
ed. |
| Forma completa/desarrollada del nombre |
(Maria Luisa) |
| 9 (RLIN) |
15045 |
| 910 ## - DATOS DE OPCIÓN DEL USUARIO (OCLC) |
| Datos de opción del usuario |
Catalogación por copia / LC |
| 910 ## - DATOS DE OPCIÓN DEL USUARIO (OCLC) |
| Datos de opción del usuario |
WM |